000 00709nam a2200229 4500
003 OSt
005 20240702075548.0
006 a
008 240702b |||||||| |||| 00| 0 eng d
020 _a9789810697686
040 _aDWCL-Main lib.
_cOC
082 _2Eleventh edition
_aCirc. 332.6 G536f 2011
100 _aGitman, Lawrence J.
245 _aFundamentals of investing /
260 _aSingapore :
_bPearson Education South Asia Pte ltd. ,
_cc2011.
300 _axxxiii,
_b597 p. : ill. ;
_c25 cm.
504 _aIncludes glossary & index.
650 _a1. Investments.
650 _a2. Portfolio management.
650 _a3. Investments-Problems, exercises etc.
942 _2ddc
_n0
_cBK-CIRC
_kCirc.
999 _c1830
_d1830